Statistics for Cities by Picture #2

Click here to take the quiz!

General Stats

  • This quiz has been taken 30 times
  • The average score is 7 of 8

Answer Stats

Answer% Correct
London
100%
Moscow
100%
Paris
100%
Washington D.C.
100%
Beijing
96%
Venice
89%
Toronto
82%
San Francisco
50%

Score Distribution

Percentile by Number Answered

Percent of People with Each Score

Your Score History

You have not taken this quiz